| 000 | 00486nam a2200157 4500 | ||
|---|---|---|---|
| 008 | 0 1995 0a 000 0Col | ||
| 020 | _a970-15-0002-4 | ||
| 050 | _aTJ219 C37 1995 | ||
| 082 | _a629.831.3 C329c | ||
| 100 | _aCarulla, Miguel | ||
| 245 | _aCircuitos B sicos de Neumática / Miguel Carulla, Vicent Lladonosa | ||
| 260 | _aCplombia : Alfaomega | ||
| 300 | _a143 p. / 28 cm. | ||
| 650 | _a1. CONTROL NEUMATICO \ 2. CONTROL HIDRAULICO | ||
| 700 | _aLladonosa Vicent | ||
| 999 |
_c13214 _d13214 |
||